| 000 | 00805nam a22002177a 4500 | ||
|---|---|---|---|
| 005 | 20130910124539.0 | ||
| 010 | _aENG-108310 | ||
| 020 |
_a9789350353301 _c995.00 |
||
| 035 | _aEN-91843 | ||
| 037 | _bDBAD/PUB | ||
| 082 | _a346.54078 | ||
| 100 | _aAiyer, S. Krishnamurthi | ||
| 245 | 1 | 0 |
_aLaw of insolvency : _cby S. Krishnamurthi Aiyer [and] S. B. Malik _bcommentary on the Provincial insolvency act, 1920 including model forms in insolvency proceedings / |
| 250 | _a7th thoroughly rev.ed by Vineeta Bansal | ||
| 260 |
_aNew Delhi _bUniversal Law Publishing _c2013 |
||
| 270 |
_aC-FF-1A, Dilkhush Industrial Estate, G.T. Karnal Road _bDelhi _e110033 |
||
| 300 |
_alxxxvi,698p. _c25cm(Hb) |
||
| 500 | _aIncludes index | ||
| 700 | _aMalik, S.B. | ||
| 942 |
_2ddc _cEN _mAIY _h346.54078 |
||
| 999 |
_c78568 _d78568 |
||